| 000 | 00538nam a22001691a 4500 | ||
|---|---|---|---|
| 020 |
_a0564026735 _c0.00 |
||
| 040 | _aNEGST Library - Kenya | ||
| 050 | _aBS 325.S99 1950 | ||
| 245 |
_aKitabu cha agano jipya la Bwana na Mwoko _h[Text] |
||
| 260 |
_aIringa and Nairobi _bBible Societies of Tanza _c1950 |
||
| 300 | _a162 p.; | ||
| 500 | _a[Africana] | ||
| 600 | _aBible. N. T. Swahili language - Texts | ||
| 600 | _aSwahili Language - Texts | ||
| 852 | _910.00 | ||
| 999 |
_c43524 _d43500 |
||